[Event "Luzern ol (Men)"]
[Site "Luzern"]
[Date "1982.??.??"]
[Round "13"]
[White "Portisch, Lajos"]
[Black "Kortschnoj, Viktor"]
[Result "1/2-1/2"]
[WhiteElo "2625"]
[BlackElo "2635"]

1.d4 Nf6 2.c4 e6 3.g3 c5 4.d5 exd5 5.cxd5 b5 6.Bg2 d6 7.Nf3 g6 8.Nfd2 Nbd7
9.Nc3 a6 10.a4 b4 11.Nce4 a5 12.Qb3 Be7 13.Nc4 Nxe4 14.Bxe4 Nb6 15.Nxb6 Qxb6
16.Bh6 Ba6 17.Bd3 Bf8 18.Bxf8 Kxf8 19.O-O Kg7 20.e4 Rhe8 21.Rfe1 Re7 22.Re3 f6
23.Rae1 Bxd3 24.Qxd3 Qa6 25.Qd2 c4 26.Qd4 Rc8 27.Rf3 Rf7 28.Rc1 c3 29.bxc3 Qc4
30.Qb6 Qxe4 31.Rf4 Qxd5 32.Rd4 Qg5 33.Rdd1 Rxc3 34.Rxc3 bxc3 35.Qc6 Qc5 36.Rxd6 Qb4
37.Rd1 Qb2 38.Rd4 Re7 39.Rc4 g5 40.Rxc3 Re1+ 41.Kg2 Qb1 42.h4 gxh4 43.gxh4 Qe4+
44.Qxe4 Rxe4 45.Rc5 Rxa4 46.Kf3 Kg6 47.h5+ Kh6 48.Rf5 Kg7 49.Rb5 Ra2 50.Kg3 a4
51.Ra5 a3 52.Kf3 Kh6 53.Kg3 Ra1 54.Kg2 a2 55.Kf3 Rg1 56.Rxa2 Kxh5 57.Ra8 Rg5  1/2-1/2

[Event "Randers zt-A"]
[Site "Randers"]
[Date "1982.??.??"]
[Round "9"]
[White "Birnboim, Nathan"]
[Black "Tiller, Bjorn"]
[Result "0-1"]
[WhiteElo "2460"]
[BlackElo "2320"]

1.d4 e6 2.c4 Nf6 3.g3 c5 4.d5 exd5 5.cxd5 b5 6.Bg2 d6 7.e4 Bb7 8.Nf3 Nxe4
9.Nh4 Nf6 10.Nf5 Qd7 11.g4 h5 12.Bg5 hxg4 13.Qe2+ Kd8 14.Qxg4 Be7 15.Qf4 Nh5
16.Bxe7+ Qxe7+ 17.Qe3 Qf6 18.Be4 g6 19.Nh6 Qg7 20.Ng4 f5 21.Qg5+ Qe7 22.Qxe7+ Kxe7
23.Ne5 Kf6  0-1

[Event "BUL-ch (Women)"]
[Site "Sofia"]
[Date "1982.??.??"]
[Round "4"]
[White "Nestorova Petrova, Lozanka"]
[Black "Gocheva, Rumiana B"]
[Result "0-1"]
[WhiteElo "2115"]
[BlackElo "2105"]

1.d4 Nf6 2.c4 e6 3.g3 c5 4.d5 d6 5.Nc3 g6 6.Bg2 Bg7 7.Nf3 O-O 8.O-O Re8 9.Nd2 a6
10.a4 Nbd7 11.e4 exd5 12.cxd5 Rb8 13.Nc4 Ne5 14.Na3 Nh5 15.f4 Ng4 16.Bf3 Bd4+
17.Kg2 Qd7 18.Bxg4 Qxg4 19.Qxg4 Bxg4 20.Nc4 Rbd8 21.Re1 Nf6 22.Bd2 Bxc3 23.Bxc3 Nxe4
24.Ba5 Rb8 25.h3 Bd7 26.Bc7 Rbc8 27.Bxd6 b5 28.Nb6 Nxd6 29.Nxd7 Red8 30.Ne5 Nf5
31.g4 Nd4 32.axb5 Nc2 33.Nc6 Nxe1+ 34.Rxe1 axb5 35.Ne7+ Kf8 36.Nxc8 Rxc8
37.Kf3 Rd8 38.Rd1 Ke7 39.g5 Kd6 40.h4 Ra8 41.Rd2 Re8 42.Rd1 Re7 43.Ra1 Kxd5
44.Ra8 c4 45.h5 b4 46.Rd8+ Kc5 47.Rc8+ Kb5 48.h6 c3 49.bxc3 b3 50.Kf2 Rb7
51.c4+ Kb4 52.c5 b2 53.c6  0-1

[Event "Yerevan zt"]
[Site "Yerevan"]
[Date "1982.??.??"]
[Round "1"]
[White "Sveshnikov, Evgeny"]
[Black "Agzamov, Georgy"]
[Result "0-1"]
[WhiteElo "2525"]
[BlackElo "2485"]

1.d4 Nf6 2.c4 e6 3.g3 c5 4.Nf3 cxd4 5.Nxd4 d5 6.Bg2 e5 7.Nf3 d4 8.O-O Nc6
9.e3 Bc5 10.exd4 exd4 11.Nbd2 O-O 12.Nb3 Qb6 13.Bg5 Ne4 14.Bf4 Re8 15.Re1 Bg4
16.h3 Bh5 17.g4 Bg6 18.Nh4 Nf6 19.Nxg6 Rxe1+ 20.Qxe1 hxg6 21.Rd1 Re8 22.Qf1 a5
23.Qd3 Nb4 24.Qf3 Re7 25.Bg5 Na6 26.Qf4 Rd7 27.Bxf6 gxf6 28.Bd5 Nb4 29.Qe4 Kg7
30.Qe8 Re7 31.Qc8 Nxd5 32.Qxc5 Qxc5 33.Nxc5 Nf4 34.Kf1 d3 35.b3 Nxh3 36.Nxd3 Re4
37.Kg2 Ng5 38.f4 Ne6 39.Kf3 f5 40.gxf5 gxf5 41.Rd2 a4 42.bxa4 Rxc4 43.Rb2 Rxa4
44.Ke3 Re4+ 45.Kd2 Rd4 46.Ke3 Rd5 47.a4 Kf8 48.a5 Nd8 49.a6 bxa6 50.Rb8 a5
51.Ne5 Kg7 52.Ra8 Nb7 53.Ra6 Rb5 54.Nc4 Rb4 55.Kd4 a4 56.Kd5 Rb5+ 57.Kd4 Nc5
58.Ra7 Ne6+ 59.Kc3 Rb3+ 60.Kc2 Rf3 61.Ne5 Nd4+ 62.Kd1 Rf1+ 63.Kd2 Rxf4 64.Rxf7+ Kh6
65.Nd3 Re4 66.Nc5 Kg6 67.Rb7 Nb3+ 68.Nxb3 axb3 69.Rxb3 Kg5 70.Rb1 Re5 71.Rg1+ Kh4
72.Rf1 Kg3 73.Rg1+ Kh3 74.Rh1+ Kg2 75.Rh5 Kg3 76.Rg5+ Kh4 77.Rg1 f4  0-1

[Event "Yerevan zt"]
[Site "Yerevan"]
[Date "1982.??.??"]
[Round "1"]
[White "Jussupow, Artur"]
[Black "Psakhis, Lev"]
[Result "1/2-1/2"]
[WhiteElo "2555"]
[BlackElo "2545"]

1.d4 Nf6 2.c4 e6 3.g3 c5 4.Nf3 cxd4 5.Nxd4 Qc7 6.Nc3 a6 7.Bg5 Be7 8.Rc1 d6
9.Bg2 Nbd7 10.O-O h6 11.Be3 O-O 12.h3 Re8 13.f4 Nf8 14.Nb3 Bd7 15.Bf2 Rac8
16.e4 Qb8 17.Qe2 b5 18.Nd2 Bd8 19.Rfe1 Ng6 20.e5 dxe5 21.fxe5 Nh7 22.Nce4 Nxe5
23.Nc5 Rxc5 24.Bxc5 Bc7 25.Bf2 bxc4 26.Nxc4 Nxc4 27.Qxc4 Bxg3 28.Bxg3 Qxg3
29.Qc7 Qxc7 30.Rxc7 Nf6 31.b3 e5 32.Rd1 Bb5 33.a4 Be2 34.Rd2 Bh5 35.Bb7 Kh7
36.Bxa6 e4 37.Be2 e3 38.Ra2 Nd5 39.Rc4 Bxe2 40.Rxe2 g5 41.a5 Nf4 42.Rxf4 gxf4
43.Kg2 Re5  1/2-1/2

[Event "Yerevan"]
[Site "Yerevan"]
[Date "1982.??.??"]
[Round "4"]
[White "Vladimirov, Evgeny"]
[Black "Eolian, Levon S"]
[Result "1-0"]
[WhiteElo "2495"]
[BlackElo "2355"]

1.d4 Nf6 2.c4 e6 3.g3 c5 4.Nf3 cxd4 5.Nxd4 d5 6.Bg2 e5 7.Nf3 d4 8.O-O Nc6
9.e3 Bc5 10.exd4 exd4 11.Re1+ Be6 12.Ng5 O-O 13.Nxe6 fxe6 14.Nd2 d3 15.Nb3 Bb4
16.Re3 Qb6 17.Rxd3 Ne5 18.Be3 Qa6 19.Rd4 Be7 20.Qe2 Rfe8 21.a3 Rac8 22.Rc1 Nc6
23.Rd2 e5 24.Qd1 e4 25.Bf4 Rcd8 26.Bf1 Qa4 27.c5 Rxd2 28.Qxd2 Rd8 29.Qc2 Kh8
30.Bc4 h6 31.h4 Rd7 32.Qe2 a6 33.g4 Nd4 34.Nxd4 Rxd4 35.g5 Ng8 36.Be5 Rd8
37.Qxe4 hxg5 38.Qg6 Rd1+ 39.Kh2  1-0

[Event "Bela Crkva op"]
[Site "Bela Crkva"]
[Date "1983.??.??"]
[Round "9"]
[White "Pergericht, Daniel"]
[Black "Murshed, Niaz"]
[Result "0-1"]
[WhiteElo "2215"]
[BlackElo "2380"]

1.d4 Nf6 2.c4 e6 3.g3 c5 4.Nf3 cxd4 5.Nxd4 Bb4+ 6.Bd2 Bc5 7.Nb3 Be7 8.Bg2 Nc6
9.O-O O-O 10.h3 h6 11.e4 d6 12.Qe2 a5 13.Be3 a4 14.Nd4 Nxd4 15.Bxd4 e5 16.Bc3 Be6
17.Na3 Qb6 18.Rfc1 Nd7 19.Be1 Nc5 20.Kh2 Kh7 21.f3 f5 22.Bf2 Qc6 23.Nc2 fxe4
24.fxe4 Rxf2 25.Qxf2 Nd3 26.Qd2 Nxc1 27.Rxc1 Bg5 28.Ne3 Qc5 29.Rc3 Bxe3 30.Rxe3 Bxc4
31.Rc3 b5 32.a3 Rf8 33.Rf3 Rxf3 34.Bxf3 Qd4 35.Qg2 Qe3 36.h4 g6 37.Kh3 Kg7
38.h5 g5 39.Bg4 Bd3 40.Bf5 d5 41.Bg4 Qxe4 42.Qxe4 Bxe4 43.Bd7 Bd3 44.Kg4 Kf6  0-1

[Event "DDR-ch 32th"]
[Site "Cottbus"]
[Date "1983.??.??"]
[Round "?"]
[White "Heinig, Wolfram"]
[Black "Tischbierek, Raj"]
[Result "0-1"]
[WhiteElo "2320"]
[BlackElo "2395"]

1.d4 Nf6 2.c4 e6 3.g3 c5 4.d5 exd5 5.cxd5 d6 6.Bg2 g6 7.Nc3 Bg7 8.Nf3 O-O
9.O-O a6 10.a4 Nbd7 11.Nd2 Rb8 12.Nc4 Qe7 13.a5 Ne8 14.h3 b5 15.axb6 Nxb6
16.Na5 Bd7 17.Kh2 Nc7 18.Nc6 Bxc6 19.dxc6 Nc4 20.Nd5 Nxd5 21.Qxd5 Bxb2 22.Bg5 Qe5
23.Rxa6 Qxe2 24.Ra7 Be5 25.c7 Rbc8 26.Bh6 Rfe8 27.Qc6 Bd4 28.Qa6 d5 29.Kg1 Qe6
30.Qb7 Nd6 31.Qxd5 Qxd5 32.Bxd5 Nb5 33.Rb7 Nxc7 34.Bc6 Red8 35.Bg5 Rd6 36.Ba4 Nd5
37.Kg2 Kg7  0-1

[Event "Frunze"]
[Site "Frunze"]
[Date "1983.??.??"]
[Round "?"]
[White "Rashkovsky, Nukhim N"]
[Black "Schneider, Attila"]
[Result "0-1"]
[WhiteElo "2495"]
[BlackElo "2385"]

1.d4 Nf6 2.c4 e6 3.g3 c5 4.Nf3 cxd4 5.Nxd4 Bb4+ 6.Bd2 Qb6 7.Bxb4 Qxb4+ 8.Nc3 Nc6
9.Nb5 O-O 10.e3 d5 11.a3 Qa5 12.c5 Qd8 13.Be2 Qe7 14.Nd6 b6 15.Nxc8 Rfxc8
16.cxb6 axb6 17.O-O Na5 18.Rc1 Nc4 19.Bxc4 Rxc4 20.Qb3 Qc5 21.Ne2 b5 22.Qd3 h6
23.Rb1 Ng4 24.Nd4 Ne5 25.Qe2 b4 26.b3 Rc3 27.a4 Nc6 28.Nxc6 Qxc6 29.Rfd1 e5
30.Qg4 Rb8 31.Rd2 Qc5 32.h4 Rd8 33.Kh2 d4 34.exd4 exd4 35.Qe4 d3 36.Kg2 f5
37.Qf3 Rd5 38.Rbb2 Qd4 39.Rb1 Kf7 40.Rbb2 Kf6 41.Rb1 Qe4 42.h5 Ke5 43.Rdd1 Kd4
44.Rh1 d2 45.Qxe4+ fxe4 46.g4 Kd3 47.Rb2 Ke2 48.Ra1 Rf3 49.a5 Rxf2+ 50.Kg1 Kf3  0-1

[Event "Bundesliga 8283"]
[Site "Germany"]
[Date "1983.??.??"]
[Round "?"]
[White "Mehler, Gerhard"]
[Black "Ackermann, Hans Werner"]
[Result "0-1"]
[WhiteElo "2275"]
[BlackElo "2255"]

1.d4 Nf6 2.c4 e6 3.g3 c5 4.Nf3 cxd4 5.Nxd4 Bc5 6.Bg2 Qb6 7.e3 O-O 8.O-O Nc6
9.Nb3 d6 10.Nc3 Ne5 11.Nxc5 dxc5 12.b3 Bd7 13.f4 Ng6 14.e4 Rfd8 15.Qe2 Bc6
16.Bb2 Rd7 17.Rad1 Rad8 18.Rxd7 Rxd7 19.f5 exf5 20.Rxf5 Re7 21.Qf2 Nd7 22.Nd5 Bxd5
23.Rxd5 Qc7 24.Qd2 Ndf8 25.Qe3 b6 26.Bh3 Ne5 27.Qc3 f6 28.a3 Nf7 29.Qd3 Qc6
30.Bg2 Qe8 31.h4 Ne6 32.Qd2 Qb8 33.Qf2 Nc7 34.Rd2 Qe8 35.Qf5 Nh6 36.Qh3 f5
37.e5 Ng4 38.Bd5+ Nxd5 39.cxd5 Nxe5 40.Qxf5 Nd7 41.Rf2 Rf7 42.Qe6 Qxe6 43.dxe6 Rxf2
44.Kxf2 Nf6 45.Kf3 Kf8 46.Be5 Ke7 47.Bb8 a6 48.Ba7 Nd5 49.Ke4 Kxe6 50.Bb8 Nf6+
51.Kd3 Kd5 52.a4 b5 53.axb5 axb5 54.Ke3 Nd7 55.Bf4 Ne5 56.Bg5 b4  0-1

[Event "Bundesliga 8283"]
[Site "Germany"]
[Date "1983.??.??"]
[Round "?"]
[White "Mehler, Gerhard"]
[Black "Vogel, Robert"]
[Result "0-1"]
[WhiteElo "2275"]
[BlackElo "2245"]

1.d4 Nf6 2.c4 e6 3.g3 c5 4.Nf3 cxd4 5.Nxd4 d5 6.Bg2 e5 7.Nf3 d4 8.O-O Nc6
9.e3 Bg4 10.h3 Bxf3 11.Bxf3 Bc5 12.exd4 Bxd4 13.Nd2 O-O 14.Nb3 h6 15.Nxd4 exd4
16.Bf4 Re8 17.Rc1 Qd7 18.Bg2 d3 19.Be3 Ne4 20.Kh2 Nd4 21.Bxd4 Qxd4 22.Qg4 d2
23.Rcd1 Rad8 24.f3 Nc5 25.Qxd4 Rxd4 26.Rf2 Red8 27.f4 b5 28.b3 f5 29.Bd5+ R8xd5
30.cxd5 Ne4 31.Kg2 Rxd5 32.Re2 Rd3 33.g4 g6 34.gxf5 gxf5 35.h4 Kf7 36.Kg1 Ke6
37.Rg2 Kd5 38.Rg8 Kd4 39.Rg2 Kc3 40.Rg6 Kc2 41.Rxd2+ Kxd2 42.Rxh6 Ke3 43.Ra6 Nc3
44.a4  0-1

[Event "Havana"]
[Site "Havana"]
[Date "1983.??.??"]
[Round "7"]
[White "Fernandez, Juan C"]
[Black "Estevez, Guillermo"]
[Result "0-1"]
[WhiteElo "2410"]
[BlackElo "2395"]

1.d4 Nf6 2.c4 e6 3.g3 c5 4.d5 exd5 5.cxd5 b5 6.Bg2 d6 7.Nf3 Be7 8.O-O O-O
9.a4 b4 10.Nfd2 Ba6 11.b3 Nbd7 12.Re1 Rc8 13.Qc2 Re8 14.Nc4 Nb6 15.Nxb6 Qxb6
16.Nd2 c4 17.Nxc4 Bxc4 18.bxc4 b3 19.Qb1 Ng4 20.e3 Bf6 21.Bb2 Rxc4 22.Bxf6 Nxf6
23.Bf1 Rc3 24.Bb5 Rb8 25.Qb2 Qa5 26.Rec1 Ne4 27.Kg2 a6 28.Bc6 Rxc1 29.Rxc1 Nc5
30.Rb1 Qb4 31.Ra1 Nd3 32.Qb1 b2 33.Ra2 Nc1  0-1

[Event "Toth mem"]
[Site "Kecskemet"]
[Date "1983.??.??"]
[Round "?"]
[White "Szekely, Peter"]
[Black "Hazai, Laszlo"]
[Result "1/2-1/2"]
[WhiteElo "2440"]
[BlackElo "2475"]

1.d4 Nf6 2.c4 e6 3.g3 c5 4.Nf3 cxd4 5.Nxd4 Bb4+ 6.Nc3 O-O 7.Bg2 d5 8.Qb3 Bxc3+
9.bxc3 Nc6 10.cxd5 exd5 11.Bg5 Nxd4 12.cxd4 Qa5+ 13.Bd2 Qd8 14.Bg5 Qa5+ 15.Bd2 Qd8
16.Bg5 Qa5+  1/2-1/2

[Event "Prague"]
[Site "Prague"]
[Date "1983.??.??"]
[Round "6"]
[White "Modr, Bretislav"]
[Black "Damjanovic, Mato"]
[Result "1-0"]
[WhiteElo "2305"]
[BlackElo "2400"]

1.d4 Nf6 2.c4 e6 3.g3 c5 4.Nf3 cxd4 5.Nxd4 d5 6.Bg2 e5 7.Nf3 d4 8.O-O Nc6
9.e3 Be7 10.exd4 exd4 11.Bf4 O-O 12.Re1 Be6 13.Ne5 Rc8 14.Nxc6 bxc6 15.Nd2 Qb6
16.Nb3 Bb4 17.Bd2 c5 18.Rc1 a5 19.Bxb4 axb4 20.Nd2 Qa5 21.Ra1 Bg4 22.f3 Bd7
23.a4 bxa3 24.Rxa3 Qb6 25.Qa1 Rb8 26.Rb3 Qc7 27.Rxb8 Rxb8 28.Qa3 Qb6 29.b3 h5
30.Re5 Rc8 31.Bf1 h4 32.Qc1 hxg3 33.hxg3 Re8 34.Qe1 Qb4 35.Rxe8+ Bxe8 36.Bd3 Bc6
37.Kf2 Qc3 38.Ke2 Kf8 39.g4 Nd7 40.Qh4  1-0

[Event "BCF-ch"]
[Site "Southport"]
[Date "1983.??.??"]
[Round "8"]
[White "Conquest, Stuart"]
[Black "Lawton, Geoffrey W"]
[Result "0-1"]
[WhiteElo "2255"]
[BlackElo "2380"]

1.d4 Nf6 2.c4 e6 3.g3 c5 4.d5 exd5 5.cxd5 d6 6.Nc3 g6 7.Bg2 Bg7 8.Nf3 O-O
9.O-O Re8 10.Bf4 a6 11.a4 Nh5 12.Bg5 f6 13.Bc1 Bh8 14.e4 Nd7 15.Nd2 Ne5 16.h3 f5
17.exf5 Bxf5 18.Nde4 Nf7 19.g4 Bxe4 20.Nxe4 Nf6 21.Ng5 Nxg5 22.Bxg5 Qb6 23.Qc2 Re7
24.Rae1 Rae8 25.Re6 Rxe6 26.dxe6 Rxe6 27.Bxf6 Rxf6 28.Bd5+ Kf8 29.Qe2 Qd8
30.Re1 g5 31.Bxb7 Rf4 32.Qe6 Be5 33.Bd5 Kg7 34.f3 Rf6 35.Rxe5 dxe5 36.Qxe5 h6
37.Kg2 Qd6 38.Qe4 Rf4 39.Qe6 Qxe6 40.Bxe6 Rxa4  0-1

[Event "BCF-ch"]
[Site "Southport"]
[Date "1983.??.??"]
[Round "10"]
[White "Conquest, Stuart"]
[Black "Pritchett, Craig William"]
[Result "0-1"]
[WhiteElo "2255"]
[BlackElo "2400"]

1.d4 Nf6 2.c4 e6 3.g3 c5 4.d5 exd5 5.cxd5 d6 6.Nc3 g6 7.Bg2 Bg7 8.Nf3 O-O
9.O-O a6 10.a4 Re8 11.Bf4 Qc7 12.h3 Nbd7 13.Re1 Rb8 14.e4 Nh5 15.Bd2 b5 16.g4 Nhf6
17.axb5 axb5 18.Qc2 b4 19.Na4 Ba6 20.Rac1 Bb5 21.Nd4 Bxa4 22.Qxa4 Nxg4 23.Nc6 Ra8
24.Qc2 Nge5 25.Nxe5 Bxe5 26.Bxb4 Qd8 27.Bd2 Qh4 28.Ra1 Rab8 29.Bc1 Nf6 30.Ra3 Nh5
31.Rf3 Bf4 32.Be3 Re5 33.Bxf4 Nxf4 34.Ree3 Rbe8 35.Bh1 Qg5+ 36.Rg3 Qe7 37.Kf1 Nh5
38.Rg1 f5 39.exf5 Rxe3 40.fxe3 Qxe3 41.f6 Qe1+  0-1

[Event "Tatran Cup"]
[Site "Stary Smokovec"]
[Date "1983.??.??"]
[Round "13"]
[White "Banas, Jan"]
[Black "Stohl, Igor"]
[Result "1/2-1/2"]
[WhiteElo "2330"]
[BlackElo "2380"]

1.d4 Nf6 2.c4 e6 3.g3 c5 4.Nf3 d5 5.cxd5 exd5 6.Nc3 Nc6 7.Bg2 Be7 8.O-O O-O
9.b3 Ne4 10.Bb2 Bf6 11.Na4 cxd4 12.Nxd4 Bd7  1/2-1/2

[Event "URS-ch sf"]
[Site "Barnaul"]
[Date "1984.??.??"]
[Round "?"]
[White "Gorelov, Sergey G"]
[Black "Vaisser, Anatoli"]
[Result "1/2-1/2"]
[WhiteElo "2445"]
[BlackElo "2475"]

1.d4 e6 2.c4 Nf6 3.g3 c5 4.Nf3 cxd4 5.Nxd4 Qc7 6.Nc3 a6 7.Qd3 Nc6 8.Nxc6 dxc6
9.Bg2 Be7 10.O-O O-O 11.b3 e5 12.Bb2 Be6 13.Ne4 Rad8 14.Nxf6+ Bxf6 15.Qc2 Rd7
16.Rad1 Rfd8  1/2-1/2

[Event "Belgrade"]
[Site "Belgrade"]
[Date "1984.??.??"]
[Round "?"]
[White "Suba, Mihai"]
[Black "Govedarica, Radovan"]
[Result "1/2-1/2"]
[WhiteElo "2525"]
[BlackElo "2380"]

1.d4 Nf6 2.c4 e6 3.g3 c5 4.d5 b5 5.Bg2 Bb7 6.e4 bxc4 7.Nc3 d6 8.Nf3 exd5
9.exd5 Be7 10.O-O O-O 11.Nd2 Ba6 12.Re1 Re8 13.Bf1 Nbd7 14.Nxc4 Bb7 15.Bf4 Bf8
16.Nxd6 Rxe1 17.Qxe1 Bxd6 18.Bxd6 Qb6 19.Bf4 Nxd5 20.Nxd5 Bxd5 21.Rd1 Nf6
22.b3 Re8 23.Qxe8+ Nxe8 24.Rxd5 Nf6 25.Rd6 Qa5 26.h4 h6 27.Bd3 Ne8 28.Ra6 Qd8
29.Bc4 Qa8 30.Bf1 Nf6 31.Rd6 Qc8 32.Be5 Ng4 33.Bf4 Qc7 34.Rd5 Qe7 35.f3 Nf6
36.Re5 Qd7 37.Kh2 h5  1/2-1/2

[Event "Berlin op"]
[Site "Berlin-West"]
[Date "1984.??.??"]
[Round "1"]
[White "Paust, Wolf Dieter"]
[Black "Akesson, Ralf"]
[Result "0-1"]
[WhiteElo "2220"]
[BlackElo "2430"]

1.d4 Nf6 2.c4 e6 3.g3 c5 4.d5 exd5 5.cxd5 d6 6.Nc3 g6 7.Bg2 Bg7 8.Nf3 O-O
9.O-O Re8 10.Bf4 a6 11.a4 Qe7 12.h3 Nbd7 13.Rb1 Nh5 14.Bg5 Qf8 15.Bd2 c4
16.b4 cxb3 17.Rxb3 Nc5 18.Rb4 Bd7 19.a5 Rac8 20.Nd4 Rc7 21.Qb1 Bc8 22.Rc1 Nf6
23.Bf4 Bh6 24.e3 Bxf4 25.exf4 Rce7 26.Rb6 Nfd7 27.Rb2 Qg7 28.Nf3 Nf6 29.Nd4 Bd7
30.Re2 Rxe2 31.Ncxe2 Qh6 32.h4 Qh5 33.Re1 Nfe4 34.f3 Nf6 35.Nc3 Rc8 36.Ne4 Ncxe4
37.fxe4 Rc3 38.Kh2 Ng4+ 39.Kg1 Rxg3 40.Qxb7 Qxh4 41.Re2 Qh2+ 42.Kf1 Ne3+
43.Ke1 Qg1+ 44.Kd2 Qd1+ 45.Kc3 Qc1+ 46.Kb3 Nc2+ 47.Bf3 Nxd4+ 48.Kb4 Qc5+  0-1

[Event "Midwest Masters-B"]
[Site "Chicago"]
[Date "1984.??.??"]
[Round "2"]
[White "Dandridge, Marvin"]
[Black "Sandrin, A."]
[Result "1/2-1/2"]
[WhiteElo "2305"]
[BlackElo "2195"]

1.d4 Nf6 2.c4 e6 3.g3 c5 4.dxc5 Bxc5 5.Nf3 Qb6 6.e3 Nc6 7.Bg2 O-O 8.O-O Qa6
9.b3 d5 10.cxd5 Nxd5 11.Bb2 Rd8 12.Ng5 Nf6 13.Qc2 Be7 14.Rd1 Rxd1+ 15.Qxd1 h6
16.Nf3 Bd7 17.Nbd2 Nb4 18.Nc4 Bc6 19.Bf1 Bd5 20.a3 Nc6 21.Nfd2 Rd8 22.Qc2 b5
23.Ne5 Nxe5 24.Bxe5 Qc6 25.Qb2 Rc8 26.Bd3 Bh1 27.e4 Nxe4 28.Bxe4 Bxe4 29.Nxe4 Qxe4
30.Bxg7 Rc2 31.Qd4 Qf3 32.Be5 Bc5 33.Qd8+ Kh7 34.Qh8+ Kg6 35.Qg7+ Kh5 36.Bd4 Bxd4
37.Qxd4 Qc3 38.Qd1+ Kg5 39.h4+ Kf6 40.Rb1  1/2-1/2

[Event "Lvov"]
[Site "Lvov"]
[Date "1984.??.??"]
[Round "6"]
[White "Mikhalchishin, Adrian"]
[Black "Romanishin, Oleg M"]
[Result "1/2-1/2"]
[WhiteElo "2480"]
[BlackElo "2580"]

1.d4 Nf6 2.c4 e6 3.g3 c5 4.Nf3 cxd4 5.Nxd4 Bb4+ 6.Bd2 Bc5 7.Nb3 Be7 8.Bg2 O-O
9.Ba5 Qe8 10.Nc3 Na6 11.Qd4 d6 12.O-O Nb8 13.Nb5 Nc6 14.Qc3 Nxa5 15.Qxa5 Qd8
16.Rfd1 a6 17.Qxd8 Rxd8 18.Nc3 Rb8 19.Na5 Rd7 20.b4 d5 21.c5 Rc7 22.Na4 Bd7
23.Nb6 Be8 24.a4 Kf8 25.Nb3 Nd7 26.a5 Ne5 27.e4 dxe4 28.Bxe4 Nc6 29.Bxc6 Bxc6
30.Nd4 Be8 31.f4 Bf6 32.Ra3 Rd8 33.Rad3 Rxd4 34.Rxd4 Bxd4+ 35.Rxd4 Ke7 36.Kf2 Bc6
37.g4 h6 38.h4 f6 39.Ke3  1/2-1/2

[Event "Moscow-ch"]
[Site "Moscow"]
[Date "1984.??.??"]
[Round "?"]
[White "Andrianov, Nikolai"]
[Black "Gulko, Boris F"]
[Result "1/2-1/2"]
[WhiteElo "2400"]
[BlackElo "2470"]

1.d4 Nf6 2.c4 e6 3.g3 c5 4.Nf3 cxd4 5.Nxd4 d5 6.Bg2 e5 7.Nf3 d4 8.O-O Nc6
9.e3 Bc5 10.exd4 exd4 11.Bg5 h6 12.Bxf6 Qxf6 13.Nbd2 O-O 14.Nb3 Bb6 15.c5 Bc7
16.Nfxd4 Nxd4 17.Qxd4 Be5 18.Qa4 Bxb2  1/2-1/2

[Event "New York op"]
[Site "New York"]
[Date "1984.??.??"]
[Round "9"]
[White "Sosonko, Gennadi"]
[Black "Gurevich, Dmitry"]
[Result "1-0"]
[WhiteElo "2560"]
[BlackElo "2545"]

1.d4 Nf6 2.c4 e6 3.g3 c5 4.Nf3 cxd4 5.Nxd4 Qc7 6.Nc3 a6 7.Bg5 Be7 8.Rc1 d6
9.Bg2 O-O 10.O-O Nbd7 11.h3 Re8 12.Qd2 Rb8 13.b3 Bf8 14.Rfd1 h6 15.Be3 Ne5
16.a4 Bd7 17.Ne4 Nxe4 18.Bxe4 Nc6 19.Bg2 Nxd4 20.Qxd4 Bc6 21.Qb6 Qxb6 22.Bxb6 Bxg2
23.Kxg2 Rbc8 24.e4 Rc6 25.a5 Rec8 26.Rc3 Be7 27.Rcd3 f6 28.c5 dxc5 29.Rd7 Bf8
30.Rxb7 c4 31.bxc4 Rxc4 32.e5 fxe5 33.Ra7 Rc2 34.Rdd7 e4 35.h4 R8c3 36.Kh3 Rd3
37.Rdb7 h5 38.Be3 Ra3 39.Rxa6 Rca2 40.Rb5 Kf7 41.Rxh5 Bb4 42.Ra7+ Kg8 43.Bd4 Bf8
44.Rg5 e5 45.Rxe5 Ra4 46.Be3  1-0

[Event "NZD-ch"]
[Site "?"]
[Date "1984.??.??"]
[Round "?"]
[White "Smith, Robert W"]
[Black "Green, Ewen M"]
[Result "1/2-1/2"]
[WhiteElo "2270"]
[BlackElo "2310"]

1.d4 Nf6 2.c4 e6 3.g3 c5 4.dxc5 Bxc5 5.Nf3 b5 6.Bg2 bxc4 7.O-O O-O 8.Qc2 Bb7
9.Nbd2 d5 10.b3 c3 11.Qxc3 Qb6 12.Bb2 Ba6 13.Nd4 Nbd7 14.N2f3 Rac8 15.Qe1 Ne4
16.Rc1 Ndf6 17.Bh3 Bb4 18.Qd1 Rxc1 19.Qxc1 Rc8 20.Qe3 Bc3 21.Bxc3 Rxc3 22.Qf4 h6
23.Qe5 Nd7 24.Qh5 Ndf6 25.Qe5 Qd6 26.Qxd6 Nxd6 27.Re1 Nfe4 28.Nxe6 fxe6 29.Bxe6+ Kf8
30.Bxd5 Ke7 31.Nd4 Kf6 32.f3 Nc5 33.Rd1  1/2-1/2

[Event "CAN-ch"]
[Site "Ottawa"]
[Date "1984.??.??"]
[Round "14"]
[White "Taylor, Gordon"]
[Black "Kopec, Danny"]
[Result "1/2-1/2"]
[WhiteElo "2325"]
[BlackElo "2390"]

1.d4 e6 2.c4 Nf6 3.g3 c5 4.d5 exd5 5.cxd5 d6 6.Nc3 g6 7.Bg2 Bg7 8.Nf3 O-O
9.O-O Re8 10.Nd2 a6 11.a4 Nbd7 12.h3 Rb8 13.Nc4 Ne5 14.Na3 Nh5 15.e4 Bd7
16.g4 Qh4 17.gxh5 Bxh3 18.Qe2 Ng4 19.Qf3 Bxg2 20.Qxg2 Bxc3 21.bxc3 Rxe4 22.f3 Rxa4
23.Nc2 Rxa1 24.Nxa1 Ne5 25.hxg6 fxg6 26.Nb3 Rf8 27.Bg5 Qc4 28.Nd2 Qxc3 29.Ne4 Qd4+
30.Kh2 Nd7 31.Rf2 Rf5 32.Rd2 Qg7 33.f4 h6 34.Nxd6 Rf8 35.Bh4 Rxf4 36.Bg3 Rd4
37.Nxb7 c4 38.Qf2 Rxd2 39.Qxd2 c3 40.Qe2 Nf6 41.Nd6 h5 42.Qe6+ Kh7 43.Bf4 Ng4+
44.Kg3 g5 45.Qf5+ Qg6 46.Bxg5 Qxf5 47.Nxf5 c2 48.Bc1 Ne5 49.Nd4 Kg6 50.Nxc2 Kf5
51.Nb4 a5 52.Nc6 Nc4 53.Bf4 a4 54.Kf3 a3 55.Nd4+ Kf6 56.Ke4 h4 57.Nc2 a2
58.Kd4 Kf5 59.Kxc4 Kxf4 60.d6 h3 61.d7 a1=Q 62.Nxa1 h2 63.d8=Q h1=Q 64.Qf6+ Kg3
65.Qg5+ Kh2 66.Nc2 Qc6+ 67.Kd3 Qd6+ 68.Ke2 Qg3 69.Qf6 Qg4+ 70.Kd2 Kg3 71.Qc3+ Qf3
72.Ne3 Qf2+ 73.Kd3 Qf3 74.Qh8 Kf4 75.Qf6+ Kg3 76.Qh6 Qf4 77.Qg6+ Kh3 78.Ke2 Qh2+
79.Kf3 Qh1+ 80.Kf2 Qh2+ 81.Kf3 Qh1+ 82.Kf4 Qh2+ 83.Ke4 Qh1+ 84.Kd4 Qa1+ 85.Kc4 Qc1+
86.Qc2 Qxc2+  1/2-1/2

[Event "Kamen Piskov mem 4"]
[Site "Ruse"]
[Date "1984.??.??"]
[Round "4"]
[White "Komljenovic, Davor"]
[Black "Orev, Petar"]
[Result "1-0"]
[WhiteElo "2395"]
[BlackElo "2325"]

1.d4 Nf6 2.c4 e6 3.g3 c5 4.d5 exd5 5.cxd5 d6 6.Bg2 Be7 7.Nf3 O-O 8.Nc3 Re8
9.O-O Bf8 10.Nd2 b6 11.h3 Nbd7 12.a4 Ba6 13.b3 Qb8 14.Nc4 Ne5 15.Na3 Ned7
16.Re1 Qc8 17.f4 Qd8 18.e4 Kh8 19.Ncb5 Bxb5 20.axb5 Re7 21.Nc4 Ne8 22.Ra4 a5
23.e5 Rb8 24.e6 Ndf6 25.f5 Nc7 26.Na3 fxe6 27.fxe6 Re8 28.Rf4 Be7 29.g4 h6
30.Qd3 Rf8 31.Ref1 Qe8 32.h4 Qd8 33.g5 hxg5 34.hxg5 Nh5 35.Rxf8+ Bxf8 36.Qg6  1-0

[Event "BUL-ch"]
[Site "Sofia"]
[Date "1984.??.??"]
[Round "?"]
[White "Danailov, Silvio"]
[Black "Antonov, Vladimir"]
[Result "1-0"]
[WhiteElo "2420"]
[BlackElo "2365"]

1.d4 Nf6 2.c4 e6 3.g3 c5 4.Nf3 cxd4 5.Nxd4 Qc7 6.Nd2 a6 7.Bg2 Nc6 8.Nc2 Be7
9.O-O O-O 10.b3 b5 11.e4 Bb7 12.Bb2 Ne5 13.Qe2 bxc4 14.Bxe5 Qxe5 15.Nxc4 Qc7
16.e5 Bxg2 17.Kxg2 Nd5 18.N2e3 Nxe3+ 19.Qxe3 d5 20.exd6 Bxd6 21.Rad1 Bc5
22.Qe4 Rad8 23.Ne5 Rxd1 24.Rxd1 Bd6 25.Nc6 h6 26.b4 Rc8 27.Rc1 Qd7 28.a4 Rc7
29.b5 axb5 30.axb5 Rb7 31.Qa4 Bf8 32.Rd1  1-0

[Event "Valjevo"]
[Site "Valjevo"]
[Date "1984.??.??"]
[Round "2"]
[White "Akesson, Ralf"]
[Black "Cvitan, Ognjen"]
[Result "0-1"]
[WhiteElo "2430"]
[BlackElo "2480"]

1.d4 Nf6 2.c4 e6 3.g3 c5 4.d5 exd5 5.cxd5 d6 6.Bg2 g6 7.Nc3 Bg7 8.Nf3 O-O
9.O-O a6 10.a4 Re8 11.Bf4 Qc7 12.Re1 Nh5 13.Bd2 Nd7 14.Rc1 Rb8 15.b4 b6 16.e4 Ne5
17.Nxe5 Bxe5 18.Be3 Qd8 19.Qb3 Bd7 20.b5 axb5 21.Nxb5 Ra8 22.Rb1 f5 23.f4 Bxb5
24.Qxb5 Bc3 25.Rec1 Ba5 26.Qe2 fxe4 27.f5 Nf6 28.Rf1 Bc3 29.fxg6 hxg6 30.Qc4 Be5
31.Bg5 Bd4+ 32.Kh1 e3 33.Rbe1 Kg7 34.Rf4 Qd7 35.Rxd4 cxd4 36.Qxd4 Re5 37.Bf4 Rxa4
38.Qxb6 Qe7 39.Bxe5 Qxe5 40.Qc6 Ra1  0-1

[Event "OHRA-B"]
[Site "Amsterdam"]
[Date "1985.??.??"]
[Round "2"]
[White "Vanheste, Jeroen"]
[Black "Kudrin, Sergey"]
[Result "1/2-1/2"]
[WhiteElo "2360"]
[BlackElo "2490"]

1.d4 Nf6 2.c4 e6 3.g3 c5 4.Nf3 cxd4 5.Nxd4 Qc7 6.Qd3 a6 7.Nc3 b6 8.Bg2 Bb7
9.O-O d6 10.b3 Nbd7 11.Bb2 Be7 12.Qe3 Bxg2 13.Kxg2 O-O 14.Rfd1 Rfe8 15.Rac1 Bf8
16.Kg1 Rac8 17.Qf3 Ne5 18.Qg2 Qb8 19.Ne4 Nfd7 20.f4 Ng4 21.Qf3 Ngf6 22.Nc6 Qc7
23.Nxf6+ Nxf6 24.Bxf6 Qxc6 25.Qxc6 Rxc6 26.Bb2 Rec8 27.e4 g6  1/2-1/2

[Event "Baden-Baden"]
[Site "Baden-Baden"]
[Date "1985.??.??"]
[Round "1"]
[White "Timoshchenko, Gennadi A"]
[Black "Farago, Ivan"]
[Result "1/2-1/2"]
[WhiteElo "2475"]
[BlackElo "2510"]

1.d4 Nf6 2.c4 e6 3.g3 c5 4.d5 exd5 5.cxd5 d6 6.Nc3 g6 7.Bg2 Bg7 8.Nf3 O-O
9.O-O Nbd7 10.h3 a6 11.a4 Rb8 12.Rb1 Qc7 13.b3 b5  1/2-1/2